| 000 | 00684nam a2200217 u 4500 | ||
|---|---|---|---|
| 005 | 20221013063531.0 | ||
| 008 | 100611s2008 es r 000 0 spa d | ||
| 020 | _a9788424935696 | ||
| 035 | _aUPN01000176475 | ||
| 049 | _aCG | ||
| 050 | 4 |
_aPA4413 A7 _bS6.2 |
|
| 100 | 0 |
_aSófocles, _d496-406 a.C. _930767 |
|
| 245 | 1 | 0 |
_aAntígona / _cSófocles ; tr. y notas de Assela Alamillo ; intr. Jorge Bergua Cavero. |
| 260 |
_aBarcelona, Esp. : _bRBA, _c2008. |
||
| 300 | _a108 p. | ||
| 440 | 0 | _aBiblioteca clásica gredos | |
| 650 | 0 |
_aAntígona (Mitología griega) _vDrama _91348 |
|
| 650 | 7 |
_aDrama griego (Tragedia) _2 _916438 |
|
| 650 | 7 |
_aTeatro griego _2 _916437 |
|
| 905 | _aLibro | ||
| 999 |
_c148578 _d148578 |
||